000 00437nam a2200181Ia 4500
001 13158
005 20260306163033.0
008 260306t2011||||xx |||||||||||||| ||spa||
041 _aESP
082 _a001
_bW17
100 _aWainerman, Catalina (comp.)
_eAUT
245 0 _aLa trastienda de la investigación
260 _c2011
300 _a258 pƔginas :
_c23 cm.
650 _aGEN
654 _aCHU
942 _cLIB
_dJUS
_fJUS
_2ddc
_n
999 _c13158
_d13158